Normal view MARC view

Entry Personal Name

Number of records used in: 3

001 - CONTROL NUMBER

  • control field: 29443

003 - CONTROL NUMBER IDENTIFIER

  • control field: dpl

005 - DATE AND TIME OF LATEST TRANSACTION

  • control field: 20110711151116.0

008 - FIXED-LENGTH DATA ELEMENTS

  • fixed length control field: 110711|||a|||||| | ||| d

040 ## - CATALOGING SOURCE

  • Original cataloging agency: dpl
  • Transcribing agency: dpl

100 ## - HEADING--PERSONAL NAME

  • Personal name: Cameron, Melanie Anjele.

670 ## - SOURCE DATA FOUND

  • Source citation: Work cat.: (dpl)31174: Cameron, Melanie Anjele., Oracle procure-to-pay guide /, 2009.

670 ## - SOURCE DATA FOUND

  • Source citation: Work cat.: (dpl)31174: Cameron, Melanie Anjele., Oracle procure-to-pay guide /, 2009.

© Delhi Public Library
Hit Counter
free hit counter